Statistics for Periodic Table of Elements - Blind Typing

Click here to take the quiz!

General Stats

  • This quiz has been taken 97 times
  • The average score is 92 of 118

Answer Stats

#SymbolElement% Correct
1HHydrogen
100%
8OOxygen
98%
6CCarbon
97%
2HeHelium
97%
3LiLithium
95%
12MgMagnesium
95%
30ZnZinc
95%
13AlAluminium
93%
4BeBeryllium
93%
5BBoron
93%
79AuGold
93%
7NNitrogen
93%
16SSulfur
93%
18ArArgon
92%
9FFluorine
92%
14SiSilicon
92%
47AgSilver
92%
26FeIron
90%
10NeNeon
90%
28NiNickel
90%
11NaSodium
90%
20CaCalcium
89%
25MnManganese
89%
15PPhosphorus
89%
19KPotassium
89%
92UUranium
89%
54XeXenon
89%
56BaBarium
87%
98CfCalifornium
87%
27CoCobalt
87%
29CuCopper
87%
99EsEinsteinium
87%
32GeGermanium
87%
53IIodine
87%
80HgMercury
87%
50SnTin
87%
33AsArsenic
85%
17ClChlorine
85%
24CrChromium
85%
31GaGallium
85%
36KrKrypton
85%
82PbLead
85%
86RnRadon
85%
39YYttrium
85%
35BrBromine
84%
55CsCesium
84%
94PuPlutonium
84%
88RaRadium
84%
38SrStrontium
84%
37RbRubidium
82%
22TiTitanium
82%
23VVanadium
82%
51SbAntimony
80%
104RfRutherfordium
80%
40ZrZirconium
80%
87FrFrancium
79%
74WTungsten
79%
70YbYtterbium
79%
95AmAmericium
77%
96CmCurium
77%
63EuEuropium
77%
102NoNobelium
77%
21ScScandium
77%
34SeSelenium
77%
89AcActinium
75%
58CeCerium
75%
100FmFermium
75%
77IrIridium
75%
57LaLanthanum
75%
103LrLawrencium
75%
101MdMendelevium
75%
42MoMolybdenum
75%
78PtPlatinum
75%
52TeTellurium
75%
93NpNeptunium
74%
76OsOsmium
74%
46PdPalladium
74%
85AtAstatine
72%
68ErErbium
72%
72HfHafnium
72%
49InIndium
72%
44RuRuthenium
72%
73TaTantalum
72%
83BiBismuth
70%
84PoPolonium
70%
45RhRhodium
70%
81TlThallium
70%
90ThThorium
70%
97BkBerkelium
69%
48CdCadmium
69%
64GdGadolinium
69%
41NbNiobium
69%
75ReRhenium
69%
43TcTechnetium
69%
65TbTerbium
69%
71LuLutetium
67%
91PaProtactinium
67%
62SmSamarium
67%
107BhBohrium
66%
105DbDubnium
66%
60NdNeodymium
66%
112CnCopernicium
64%
67HoHolmium
64%
59PrPraseodymium
64%
106SgSeaborgium
64%
110DsDarmstadtium
62%
116LvLivermorium
62%
69TmThulium
62%
108HsHassium
61%
66DyDysprosium
59%
118OgOganesson
59%
61PmPromethium
59%
117TsTennessine
59%
114FlFlerovium
57%
109MtMeitnerium
57%
113NhNihonium
57%
115McMoscovium
56%
111RgRoentgenium
56%

Score Distribution

Percentile by Number Answered

Percent of People with Each Score

Your Score History

You have not taken this quiz